| 000 | 00553cam a2200217ua 4500 | ||
|---|---|---|---|
| 001 | 8004 | ||
| 008 | 150103n ii |||gr||||Z||||||eng | ||
| 020 | _a9788120342163 | ||
| 040 | _cMAIN | ||
| 041 | _aeng | ||
| 082 | _a005.4 | ||
| 100 |
_aBott, E., _eAuthor. |
||
| 245 | 1 |
_aMicrosoft office 2010 : _bInside out / _cBy Ed Bott . |
|
| 250 | _a1st. | ||
| 260 |
_aNew delhi: _bPHI, _c2011. |
||
| 300 | _axxiv,934p. | ||
| 653 | _aComputer programming, programs & data | ||
| 653 | _aMicrosoft office | ||
| 700 |
_aSiechert, C., _eAuthor. |
||
| 942 | _cBK | ||
| 999 |
_c7122 _d7122 |
||